000 00209nam a22000977a 4500
003 OSt
008 210113b ||||| |||| 00| 0 eng d
100 _aRamavarma
_94843
245 _aPookattum devatha
942 _cBK
999 _c16459
_d16459